Statistics for Months in Latvian

Click here to take the quiz!

General Stats

  • This quiz has been taken 51 times
  • The average score is 11 of 12

Answer Stats

HintAnswer% Correct
La3Marts
98%
La2Februāris
95%
La1Jānvaris
95%
La10Oktobris
95%
La8Augusts
93%
La12Decembris
93%
La11Novembris
93%
La9Septembris
93%
La7Jūlijs
88%
La6Jūnijs
88%
La4Aprīlis
86%
La5Maijs
72%

Score Distribution

Percentile by Number Answered

Percent of People with Each Score

Your Score History

You have not taken this quiz